| 000 | 00552nam a22001577a 4500 | ||
|---|---|---|---|
| 003 | NUST | ||
| 038 | _aNusrat Nadeem | ||
| 082 | _a200 | ||
| 100 |
_aSafeer, Kanwal _9130411 |
||
| 245 |
_aTheory Of Planned Behavior: Hurdle and Facilitators to Mental Health Help-seeking Intentions Among Pakistani Adults/ _cKanwal Safeer, |
||
| 264 |
_aIslamabad: _bS3H NUST. _c2025. |
||
| 690 |
_aMS- Clinical Psychology _9125310 |
||
| 700 |
_aSupervisor: Dr. Zainab Khan _9130286 |
||
| 856 | _uhttp://10.250.8.41:8080/xmlui/handle/123456789/54154 | ||
| 942 |
_2ddc _cSC |
||
| 999 |
_c614565 _d614565 |
||